Knižničná komunita na pôde Žilinskej univerzity

Bibliographic Details
Main Author: Sakalová, Marta, 1951- (Author)
Format: Article
Language:Slovak
ISSN:1335-7026
Subjects:
Online Access:http://www.snk.sk/images/snk/NBU/Kniznica/8_2001/462.pdf

MARC

LEADER 00000nab a2200000 a 4500
001 vtls000771266
003 SK-MaSNL
005 20260305025447.0
008 250429c2001 xo 0 slo
015 |a SNBRB2001/10-30216 
035 |a CLN000123053 
035 |a urn:nbn:sk:snk-abbuot 
035 |a (urnnbn)urn:nbn:sk:snk:ar-000rrj 
035 |a (uuid)65a01455-7069-43a2-8ac7-8483796b9dc5 
040 |a SNKBUCL  |b slo  |c SNKBUCL  |e AACR2 
041 0 |a slo 
044 |a xo  |c SK 
080 |a 027.7(437.6)  |2 1997 
100 1 |a Sakalová, Marta,  |d 1951-  |4 aut  |9 37878 
245 1 0 |a Knižničná komunita na pôde Žilinskej univerzity  |c Marta Sakalová 
610 2 7 |a Žilinská univerzita v Žiline.  |b Univerzitná knižnica  |2 snkbucl  |9 175848 
648 7 |a 2001  |2 snkbucl  |9 296180 
650 0 7 |a odborné podujatia  |2 snkbucl  |9 839632 
651 7 |a Žilina (Slovensko : okres)  |2 snkbucl  |9 56327 
655 7 |a články z novín a časopisov  |2 snkbucl  |9 267496 
773 0 |t Knižnica  |g Roč. 2, č. 8 (2001), s. 462-463  |x 1335-7026 
850 |a Slovenská národná knižnica 
852 |a Slovenská národná knižnica 
856 4 1 |u http://www.snk.sk/images/snk/NBU/Kniznica/8_2001/462.pdf 
954 |a odborná, vedecká literatúra pôvodná (slovenská)  |2 lita 
958 |a article15 
958 |a SK 
958 |a KL 
958 |a OND 
958 |a EUIPO 
992 |a RBX 
999 |c 3305813  |d 3307743